New tools for new times: the work flow paradigm : The impact of information technology on business process reengineering

Αποθηκεύτηκε σε:
Λεπτομέρειες βιβλιογραφικής εγγραφής
Κύριος συγγραφέας: Fischer, Layna
Μορφή: Βιβλίο
Γλώσσα:English
Δημοσίευση: Florida : Future Strategies, Inc. , 1995
Έκδοση:2nd ed.
Θέματα:
Ετικέτες: Προσθήκη ετικέτας
Δεν υπάρχουν, Καταχωρήστε ετικέτα πρώτοι!

MARC

LEADER 00000nam a2200000 i 4500
001 1/58838
008 980526s1995 eng d
020 |a 0964023326 
035 |l 10028436 
040 |a GR-MY-UA  |b gre  |e aacr 
041 0 |a eng 
082 0 |a 658.4038 NEW 
100 1 |a Fischer, Layna. 
245 1 0 |a New tools for new times: the work flow paradigm :  |b The impact of information technology on business process reengineering /  |c Layna Fischer 
250 |a 2nd ed. 
260 |a Florida :   |b Future Strategies, Inc. ,   |c 1995 
300 |a 347 σ.  
504 |a Περιλαμβάνει ευρετήριο 
650 0 0 |a Organizational change. 
650 0 0 |a Organizational effectiveness. 
650 0 0 |a Quality control. 
650 0 0 |a Information technology. 
650 0 0 |a Information resources management. 
650 0 0 |a Management information systems. 
650 0 0 |a Office practice  |x Automation. 
852 |a INST  |b CHIOS  |e 19980526  |h 658.4038 NEW  |p 005200016431  |q 005200016431  |t BK  |y 0 
901 |a BIBL-1998-2 
909 |a Χ  |b 056244 
922 |a 2ΕΛΗ  |b 199805  |c ΤΔΕ  |d ΠΑΠΑΣΩΤΗΡΙΟΥ